[Event "IV Open"]
[Site "Genova ITA"]
[Date "2000.08.09"]
[Round "3"]
[White "Dervishi, Erald"]
[Black "Collareta, Giovanni"]
[Result "1-0"]
[WhiteElo "2478"]
[BlackElo "2127"]
[PlyCount "71"]
[EventDate "2000.08.07"]

1. e4 c5 2. Nf3 d6 3. d4 cxd4 4. Nxd4 Nf6 5. Nc3 a6 6. Be2 e6 7. O-O Be7 8. a4
O-O 9. Kh1 Nc6 10. Be3 Bd7 11. Nb3 Na5 12. Nd2 Qc7 13. f4 Rfc8 14. Bd3 Nc6 15.
Qf3 Nb4 16. a5 Bc6 17. Qg3 Nxd3 18. cxd3 Kh8 19. Bd4 Rg8 20. Nf3 Nd7 21. Ng5
Bxg5 22. fxg5 e5 23. Be3 Rgf8 24. Qh4 Kg8 25. Rf3 Rfe8 26. Raf1 Nf8 27. Bb6 Qe7
28. Qh5 Ne6 29. Be3 g6 30. Qh6 Nf8 31. d4 Qd7 32. dxe5 dxe5 33. Bc5 Ne6 34. Rd1
Qc7 35. Bd6 Qd8 36. Rxf7 1-0

[Event "IV Open"]
[Site "Genova ITA"]
[Date "2000.08.09"]
[Round "3"]
[White "Di Paolo, Raffaele"]
[Black "Fattorelli, Luciano"]
[Result "1-0"]
[WhiteElo "2295"]
[BlackElo "1816"]
[PlyCount "79"]
[EventDate "2000.08.07"]

1. e4 d6 2. d4 Nf6 3. Nc3 g6 4. f4 Bg7 5. e5 Nfd7 6. Nf3 c5 7. exd6 O-O 8. dxc5
Qa5 9. Bd2 Qxc5 10. Qe2 Qxd6 11. O-O-O Nc6 12. Ne4 Qc7 13. h4 Nf6 14. Nxf6+
Bxf6 15. Qe3 Bf5 16. Bd3 Bxd3 17. Qxd3 Rfd8 18. Qe4 Rac8 19. h5 Qb6 20. Ne5 Rd4
21. Qe2 Rcd8 22. hxg6 hxg6 23. Bc3 Rxd1+ 24. Rxd1 Rxd1+ 25. Kxd1 Nxe5 26. fxe5
Bg5 27. Qe4 e6 28. a4 a6 29. Ke2 Bc1 30. Qd4 Qc6 31. Qd8+ Kg7 32. Qf6+ Kg8 33.
Kd1 Be3 34. Qf3 Qd7+ 35. Ke2 Bg5 36. Qe4 Be7 37. b3 Kg7 38. Qc4 Bd8 39. Bb4 Bc7
40. Bd6 1-0

[Event "IV Open"]
[Site "Genova ITA"]
[Date "2000.08.09"]
[Round "3"]
[White "Djingarova, Emilia"]
[Black "Banikas, Hristos"]
[Result "0-1"]
[WhiteElo "2263"]
[BlackElo "2542"]
[PlyCount "88"]
[EventDate "2000.08.07"]

1. e4 c5 2. Nf3 Nc6 3. d4 cxd4 4. Nxd4 Qc7 5. Nc3 e6 6. g3 a6 7. Bg2 d6 8. O-O
Be7 9. a4 Nf6 10. Nxc6 bxc6 11. a5 Bb7 12. Be3 c5 13. Qe2 Bc6 14. Bf4 Qb7 15.
Rfd1 Rd8 16. Ra3 O-O 17. Rb3 Qa8 18. Rb6 Nd7 19. Rxa6 Qc8 20. Bxd6 Bxd6 21.
Rxd6 Bb7 22. Ra7 Qb8 23. Nb5 Ne5 24. Rb6 Rd7 25. a6 Qd8 26. Raxb7 Rd2 27. Qh5
Rxf2 28. Rb8 Qd2 29. Rxf8+ Kxf8 30. Rb8+ Ke7 31. Rb7+ Kf6 32. Rxf7+ Nxf7 33.
Qh4+ Ng5 34. e5+ Kf7 35. Qf4+ Rxf4 36. gxf4 Qe3+ 37. Kf1 Qxf4+ 38. Ke2 Qc4+ 39.
Ke3 Qxc2 40. Bc6 Qb3+ 41. Ke2 Qxb2+ 42. Ke3 Qb3+ 43. Kf4 Nh3+ 44. Kg4 Nf2+ 0-1

[Event "IV Open"]
[Site "Genova ITA"]
[Date "2000.08.09"]
[Round "3"]
[White "Mercandelli, Claudio"]
[Black "Wagner, Hans"]
[Result "1-0"]
[WhiteElo "1665"]
[BlackElo "2037"]
[PlyCount "53"]
[EventDate "2000.08.07"]

1. d4 Nf6 2. c4 e6 3. Nc3 Bb4 4. e3 c5 5. Bd3 d5 6. Nf3 O-O 7. O-O dxc4 8. Bxc4
Nc6 9. a3 Bxc3 10. bxc3 Qc7 11. Qc2 Rd8 12. Rd1 e5 13. Ng5 Rf8 14. d5 Na5 15.
Ba2 Qd6 16. c4 b6 17. Bb2 Bg4 18. Rd2 Rae8 19. Rc1 h6 20. Nf3 e4 21. Nh4 g5 22.
Qc3 Kg7 23. f3 Bc8 24. fxe4 gxh4 25. Rf1 Kg8 26. Rxf6 Qe7 27. Rg6+ 1-0

[Event "IV Open"]
[Site "Genova ITA"]
[Date "2000.08.09"]
[Round "3"]
[White "Siemes, Robert"]
[Black "Caposciutti, Maurizio"]
[Result "0-1"]
[WhiteElo "2106"]
[BlackElo "2316"]
[PlyCount "72"]
[EventDate "2000.08.07"]

1. e4 c5 2. Nf3 Nc6 3. d4 cxd4 4. Nxd4 Nf6 5. Nc3 d6 6. Bc4 Qb6 7. Nb3 e6 8.
O-O a6 9. Be2 Be7 10. Be3 Qc7 11. a4 O-O 12. f4 Nb4 13. Bf3 Bd7 14. g4 Bc6 15.
g5 Nd7 16. Qe2 Rfe8 17. Qf2 Bf8 18. Bg2 b6 19. h4 Bb7 20. Bf3 g6 21. h5 Bg7 22.
Kg2 Rac8 23. hxg6 fxg6 24. Rh1 Bxc3 25. bxc3 Qxc3 26. Qh4 Nf8 27. Bd4 Qxc2+ 28.
Kg3 Qxb3 29. Qh6 e5 30. fxe5 dxe5 31. Rab1 Qf7 32. Bxb6 Qf4+ 33. Kg2 Rc2+ 34.
Bf2 Bxe4 35. Rh3 Nd3 36. Rb7 Rxf2+ 0-1

[Event "IV Open"]
[Site "Genova ITA"]
[Date "2000.08.09"]
[Round "3"]
[White "Taeger, Torsten"]
[Black "Lanzani, Mario"]
[Result "0-1"]
[WhiteElo "2128"]
[BlackElo "2419"]
[PlyCount "68"]
[EventDate "2000.08.07"]

1. e4 e5 2. Nf3 Nc6 3. Bb5 a6 4. Bxc6 dxc6 5. Nc3 Bc5 6. h3 Be6 7. d3 Qd6 8. a3
f6 9. Qe2 Ba7 10. Be3 c5 11. Qd2 Ne7 12. Ne2 Nc6 13. Rb1 Nd4 14. b4 Nxf3+ 15.
gxf3 b5 16. f4 O-O 17. f5 Bf7 18. Qc3 c4 19. Bxa7 Rxa7 20. d4 Rd8 21. dxe5 fxe5
22. Qe3 Bh5 23. f3 Raa8 24. Rc1 a5 25. Rg1 Rd7 26. Nc3 Qd4 27. Qxd4 exd4 28.
Nxb5 c6 29. Nxd4 Rxd4 30. f6 g6 31. Rb1 a4 32. Ke2 Rxe4+ 33. Kf2 Re6 34. Rg3
Rd8 0-1

[Event "IV Open"]
[Site "Genova ITA"]
[Date "2000.08.09"]
[Round "4"]
[White "Barberi, Alessandro"]
[Black "Ausmins, Elmar"]
[Result "0-1"]
[WhiteElo "2113"]
[BlackElo "2324"]
[PlyCount "80"]
[EventDate "2000.08.07"]

1. d4 Nf6 2. c4 g6 3. Nc3 Bg7 4. e4 O-O 5. g3 c5 6. d5 d6 7. Bg2 Na6 8. Nge2
Nc7 9. O-O Rb8 10. a4 a6 11. Qb3 b6 12. Re1 Bd7 13. f4 b5 14. axb5 axb5 15.
cxb5 Nxb5 16. Nxb5 Bxb5 17. Qc2 Bxe2 18. Rxe2 Qb6 19. e5 dxe5 20. fxe5 Ng4 21.
Bf4 c4+ 22. Kh1 Qb3 23. Rae1 Qb4 24. Qc1 Qc5 25. Qd2 Rb3 26. h3 Rd3 27. Qc2 Nh6
28. g4 Kh8 29. Re3 Qb4 30. R1e2 Ra8 31. Bg3 Rxe3 32. Rxe3 Ra1+ 33. Kh2 Ra2 34.
Rc3 Ra4 35. b3 Ra1 36. Rxc4 Qb6 37. Rc8+ Ng8 38. Qc5 Qxb3 39. Qc2 Qe3 40. h4
Bxe5 0-1

[Event "IV Open"]
[Site "Genova ITA"]
[Date "2000.08.09"]
[Round "4"]
[White "Caposciutti, Maurizio"]
[Black "Volpi, Davide"]
[Result "1-0"]
[WhiteElo "2316"]
[BlackElo "1753"]
[PlyCount "43"]
[EventDate "2000.08.07"]

1. Nf3 Nf6 2. c4 g6 3. b3 Bg7 4. Bb2 c5 5. g3 Nc6 6. Bg2 O-O 7. O-O d5 8. cxd5
Nxd5 9. Bxg7 Kxg7 10. Qc1 Qd6 11. Na3 Nd4 12. Nxd4 cxd4 13. Nb5 Qb4 14. Qc4
Qxc4 15. bxc4 Nb6 16. c5 Nd7 17. Rfc1 Rd8 18. d3 Nf8 19. c6 a5 20. cxb7 Bxb7
21. Bxb7 Rab8 22. Bc6 1-0

[Event "IV Open"]
[Site "Genova ITA"]
[Date "2000.08.09"]
[Round "4"]
[White "Collareta, Giovanni"]
[Black "Corti, Corrado"]
[Result "1/2-1/2"]
[WhiteElo "2127"]
[BlackElo "1789"]
[PlyCount "92"]
[EventDate "2000.08.07"]

1. c4 c6 2. Nf3 d5 3. e3 Nf6 4. Nc3 e6 5. Qc2 Nbd7 6. d4 Be7 7. g4 Nxg4 8. Rg1
f5 9. h3 Ngf6 10. Rxg7 Nf8 11. Ne5 Nh5 12. Rg2 Bf6 13. Bd2 Nd7 14. Qd1 Ng7 15.
Rxg7 Nxe5 16. Qh5+ Ng6 17. Rxh7 Rxh7 18. Qxh7 Nf8 19. Qh5+ Ke7 20. cxd5 exd5
21. Bd3 Qe8 22. Qh6 Be6 23. Ne2 Qg6 24. Qf4 Rc8 25. O-O-O Qg5 26. Qf3 Ng6 27.
Rg1 Nh4 28. Qh1 Qh6 29. e4 Qh7 30. e5 Bg7 31. Bg5+ Kf7 32. Bxh4 Qxh4 33. Qf3
Bh6+ 34. Kb1 Ke7 35. Rg6 Rf8 36. Qg3 Qxg3 37. Nxg3 Bd2 38. Kc2 Be1 39. Rg7+ Rf7
40. Rxf7+ Kxf7 41. Bxf5 Bxf2 42. Bxe6+ Kxe6 43. Ne2 Kf5 44. Kd3 c5 45. dxc5
Bxc5 46. b4 Bf2 1/2-1/2

[Event "IV Open"]
[Site "Genova ITA"]
[Date "2000.08.09"]
[Round "4"]
[White "Fornaro, Alberto"]
[Black "De Santis, Alessio"]
[Result "1/2-1/2"]
[WhiteElo "1825"]
[BlackElo "2309"]
[PlyCount "80"]
[EventDate "2000.08.07"]

1. d4 d6 2. Nf3 Bg4 3. Bf4 Nf6 4. e3 Nbd7 5. Be2 g6 6. Nbd2 Nb6 7. h3 Bd7 8.
O-O Bg7 9. e4 h6 10. Bh2 Qc8 11. e5 Nh7 12. Ne4 d5 13. Nc5 e6 14. a4 a5 15. Bd3
Bc6 16. Nh4 Nf8 17. Qg4 h5 18. Qg3 Rh6 19. f4 Nbd7 20. Nb3 Qd8 21. f5 exf5 22.
Nxf5 gxf5 23. Bxf5 Rg6 24. Bxg6 fxg6 25. Rf2 Qe7 26. Raf1 Bxa4 27. Qf3 Ne6 28.
Qxd5 Bc6 29. Qc4 Nb6 30. Qd3 O-O-O 31. c3 Qe8 32. Qe3 Bb5 33. Re1 Nc4 34. Qf3
Bh6 35. Kh1 Bc6 36. Qe2 Bd5 37. Ref1 Ne3 38. Nxa5 Nxf1 39. Qxf1 Qa4 40. b4 b6
1/2-1/2

[Event "IV Open"]
[Site "Genova ITA"]
[Date "2000.08.09"]
[Round "4"]
[White "Gallitto, Salvatore"]
[Black "Brunelli, Giovanni"]
[Result "0-1"]
[WhiteElo "2057"]
[BlackElo "1582"]
[PlyCount "24"]
[EventDate "2000.08.07"]

1. e4 c5 2. b4 e5 3. Nf3 Nc6 4. b5 Nd4 5. Nxe5 Qf6 6. f4 Qxf4 7. Ng4 Qxe4+ 8.
Ne3 Be7 9. Nc3 Bh4+ 10. g3 Qxh1 11. Qg4 d6 12. Qxg7 Bf6 0-1

[Event "IV Open"]
[Site "Genova ITA"]
[Date "2000.08.09"]
[Round "4"]
[White "Guido, Flavio"]
[Black "Nikolaidis, Ioannis"]
[Result "1/2-1/2"]
[WhiteElo "2303"]
[BlackElo "2512"]
[PlyCount "100"]
[EventDate "2000.08.07"]

1. e4 c5 2. c3 d5 3. exd5 Qxd5 4. d4 Nf6 5. Nf3 e6 6. Bd3 Bd7 7. O-O Bc6 8. Re1
cxd4 9. cxd4 Bd6 10. Nc3 Qh5 11. Ne5 Qxd1 12. Rxd1 Nbd7 13. Nxc6 bxc6 14. Ne4
Nxe4 15. Bxe4 Rc8 16. Bd2 Nf6 17. Bf3 Kd7 18. Rac1 Nd5 19. Rc4 Rc7 20. Rdc1 Rb8
21. b3 Rbc8 22. g3 Ba3 23. R1c2 Nb6 24. Ba5 Nxc4 25. Bxc7 Nb6 26. Bxb6 axb6 27.
Kf1 Kd6 28. Ke2 Rc7 29. h3 b5 30. Bg2 h5 31. Bf3 g6 32. Kd3 f5 33. Ke2 Rc8 34.
Kd3 c5 35. dxc5+ Rxc5 36. Rxc5 Bxc5 37. Ke2 b4 38. Bb7 e5 39. f3 Ke7 40. Bc6
Kf7 41. Bd7 Be7 42. g4 Kf6 43. gxf5 gxf5 44. Bc8 Bc5 45. Bd7 Kg5 46. Be6 Kf4
47. Bd7 Be3 48. Be6 Bd4 49. Bd7 Be3 50. Be6 Bd4 1/2-1/2

[Event "IV Open"]
[Site "Genova ITA"]
[Date "2000.08.09"]
[Round "4"]
[White "Mollero, Michele"]
[Black "Blum, Gernot"]
[Result "0-1"]
[WhiteElo "2101"]
[BlackElo "2171"]
[PlyCount "148"]
[EventDate "2000.08.07"]

1. d4 Nf6 2. c4 e6 3. Nf3 d5 4. Nc3 Be7 5. Bg5 h6 6. Bh4 dxc4 7. e3 c5 8. Bxc4
cxd4 9. exd4 O-O 10. O-O a6 11. Qe2 b5 12. Bb3 Ra7 13. Rad1 b4 14. Na4 Bd7 15.
Nc5 Bb5 16. Bc4 Bxc4 17. Qxc4 Qb6 18. Rc1 Nd5 19. Bxe7 Rxe7 20. Ne5 Rd8 21.
Rfe1 a5 22. g3 Rc7 23. Qf1 Nc6 24. Na4 Qb7 25. Nc5 Qc8 26. Nxc6 Rxc6 27. Qb5
Qa8 28. Nd3 Rb6 29. Qc4 Rbd6 30. Ne5 Qa6 31. Qxa6 Rxa6 32. Rc5 a4 33. Nc6 Rd6
34. Rec1 a3 35. bxa3 Rxa3 36. R1c4 Rxa2 37. Nxb4 Rd2 38. Nc6 g5 39. Rc2 Rd1+
40. Kg2 g4 41. R5c4 h5 42. h3 f6 43. Ra4 Rd7 44. Ra8+ Kf7 45. Nd8+ Ke7 46. Nc6+
Kf7 47. Nd8+ Kg6 48. Rca2 Kf5 49. R2a7 Rxa7 50. Rxa7 Rxd4 51. Rh7 Nf4+ 52. gxf4
Rxd8 53. Rxh5+ Kxf4 54. hxg4 Kxg4 55. Ra5 e5 56. Kf1 Rd2 57. Ke1 Rb2 58. Ra4+
Kf5 59. f3 Rg2 60. Kf1 Rd2 61. Ke1 Rd4 62. Ra6 Kg5 63. Ke2 f5 64. Re6 Kf4 65.
Rh6 Rd8 66. Rh4+ Kg5 67. Ra4 Rh8 68. Kf2 Rh4 69. Ra5 Rh2+ 70. Kg1 Re2 71. Kf1
Re3 72. Kf2 f4 73. Ra8 Rc3 74. Rf8 Rc2+ 0-1

[Event "IV Open"]
[Site "Genova ITA"]
[Date "2000.08.10"]
[Round "5"]
[White "Astengo, Corrado"]
[Black "Siemes, Robert"]
[Result "1-0"]
[WhiteElo "2150"]
[BlackElo "2106"]
[PlyCount "83"]
[EventDate "2000.08.07"]

1. e4 c5 2. Nf3 d6 3. d4 cxd4 4. Nxd4 Nf6 5. Nc3 a6 6. Bg5 e6 7. f4 Be7 8. Qf3
Qc7 9. O-O-O Nbd7 10. g4 b5 11. Bxf6 Nxf6 12. g5 Nd7 13. f5 Bxg5+ 14. Kb1 Ne5
15. Qh5 Qd8 16. fxe6 g6 17. exf7+ Kxf7 18. Qe2 Kg7 19. Qg2 Ra7 20. Nd5 h6 21.
Be2 Rf7 22. Rhf1 Rhf8 23. Nf3 Nxf3 24. Rxf3 Be6 25. Rxf7+ Rxf7 26. Rg1 Qf8 27.
Bd3 Rf2 28. Qg3 Rf3 29. Qe1 Qf7 30. Qc3+ Kh7 31. Qc6 Bxd5 32. exd5 Qa7 33. Re1
Qf2 34. Qe8 Rf7 35. a3 Qf6 36. Re6 Rf8 37. Qd7+ Qg7 38. Qxg7+ Kxg7 39. Rxg6+
Kf7 40. Rxd6 Rd8 41. Rxa6 Rxd5 42. a4 1-0

[Event "IV Open"]
[Site "Genova ITA"]
[Date "2000.08.10"]
[Round "5"]
[White "Blum, Gernot"]
[Black "Grigore, George-Gabriel"]
[Result "0-1"]
[WhiteElo "2171"]
[BlackElo "2508"]
[PlyCount "67"]
[EventDate "2000.08.07"]

1. c4 g6 2. Nc3 Bg7 3. Nf3 d6 4. g3 Nf6 5. Bg2 O-O 6. O-O c6 7. d3 e5 8. c5
dxc5 9. Nxe5 Nd5 10. Nxd5 cxd5 11. Nf3 Nc6 12. Qc2 b6 13. e4 Nb4 14. Qb3 dxe4
15. Ng5 h6 16. Nxe4 Be6 17. Qa4 Qxd3 18. Bf4 Qc2 19. b3 Rfd8 20. Rac1 Qxa2 21.
Qb5 Nd3 22. Nc3 Qxb3 23. Bxa8 Nxc1 24. Rxc1 Qxb5 25. Nxb5 Rxa8 26. Rd1 Bg4 27.
Rd2 g5 28. Be3 Bf3 29. h3 a5 30. Rd6 a4 31. Rxb6 a3 32. Nxa3 Rxa3 33. Rb8+ Kh7
34. g4 0-1

[Event "IV Open"]
[Site "Genova ITA"]
[Date "2000.08.10"]
[Round "5"]
[White "Cirabisi, Federico"]
[Black "Castelfranchi, Carlo"]
[Result "1-0"]
[WhiteElo "2119"]
[BlackElo "2212"]
[PlyCount "65"]
[EventDate "2000.08.07"]

1. f4 d5 2. Nf3 Nf6 3. e3 c6 4. d4 Nbd7 5. Bd3 Ne4 6. O-O Ndf6 7. Qe1 g6 8.
Nbd2 Bg7 9. Ne5 Nxd2 10. Bxd2 Ne4 11. Ba5 b6 12. Bb4 Qc7 13. c4 Be6 14. Rc1 Qb7
15. f5 gxf5 16. cxd5 Bxd5 17. Rxf5 f6 18. Qh4 fxe5 19. Bxe4 O-O-O 20. Bxd5 Rxd5
21. Qg4 e6 22. Rg5 h5 23. Qxe6+ Kb8 24. Rxc6 Rd7 25. Bd6+ Ka8 26. Bxe5 Re7 27.
Qc4 Bxe5 28. dxe5 a5 29. Rgg6 Rd8 30. Rgd6 Red7 31. Qb5 Rxd6 32. exd6 Rc8 33.
d7 1-0

[Event "IV Open"]
[Site "Genova ITA"]
[Date "2000.08.10"]
[Round "5"]
[White "Clivio, Marco"]
[Black "Bernasconi, Roberto"]
[Result "0-1"]
[WhiteElo "1555"]
[BlackElo "1491"]
[PlyCount "144"]
[EventDate "2000.08.07"]

1. e4 e5 2. Nf3 Nf6 3. Nxe5 d6 4. Nf3 Nxe4 5. Qe2 Qe7 6. d3 Nf6 7. Qxe7+ Bxe7
8. Be2 h6 9. h3 Nc6 10. Bd2 Be6 11. a3 a6 12. Nc3 O-O 13. O-O Rad8 14. Nh2 Nd4
15. Rac1 Rfe8 16. Be3 Nxe2+ 17. Nxe2 Nd5 18. Bd2 Bf6 19. Nc3 Nxc3 20. bxc3 Bd7
21. Rfe1 Ba4 22. Ng4 Be7 23. Rb1 b6 24. Rb2 Bf8 25. Rxe8 Rxe8 26. Rb4 Bxc2 27.
Bxh6 Re1+ 28. Kh2 gxh6 29. Nf6+ Kg7 30. Nd5 Bxd3 31. Nxc7 Rb1 32. Ne8+ Kh8 33.
Rd4 Bg6 34. h4 Rb3 35. Nxd6 h5 36. Ne8 Rxc3 37. g4 hxg4 38. Rxg4 Rxa3 39. Nf6
Rf3 40. Ne4 Bxe4 41. Rxe4 Rxf2+ 42. Kg3 Rb2 43. Kf3 Rb4 44. Re8 Kg7 45. h5 Rh4
46. Re5 Kf6 47. Rd5 Ke6 48. Rd8 Bh6 49. Rh8 Rxh5 50. Kg4 Rg5+ 51. Kh4 Rg6 52.
Kh5 Bf4 53. Ra8 Kf5 54. Rh8 Rh6+ 55. Rxh6 Bxh6 56. Kxh6 b5 57. Kg7 b4 58. Kxf7
b3 59. Ke7 a5 60. Kd6 b2 61. Kc5 b1=R 62. Kc4 a4 63. Kc3 a3 64. Kc2 a2 65. Kd3
a1=R 66. Kd4 Ra5 67. Kc4 Rh1 68. Kb4 Re5 69. Kc4 Rh4+ 70. Kd3 Ra5 71. Kc3 Ra3+
72. Kb2 Rg3 0-1

[Event "IV Open"]
[Site "Genova ITA"]
[Date "2000.08.10"]
[Round "5"]
[White "Corti, Corrado"]
[Black "Barberi, Alessandro"]
[Result "0-1"]
[WhiteElo "1789"]
[BlackElo "2113"]
[PlyCount "108"]
[EventDate "2000.08.07"]

1. e4 c5 2. Nf3 d6 3. d4 cxd4 4. Nxd4 Nf6 5. Nc3 g6 6. g3 Bg7 7. Bg2 O-O 8. O-O
Nc6 9. Nf3 Rb8 10. Re1 Qa5 11. Nd5 h6 12. c3 Kh7 13. Qc2 Be6 14. Nxf6+ Bxf6 15.
Be3 Rfc8 16. Qd2 Bg7 17. Nd4 Nxd4 18. Bxd4 Bxd4 19. Qxd4 Rc4 20. Qe3 Ra4 21. a3
Qb5 22. Qd2 Bb3 23. Bf1 Qc5 24. Bd3 b5 25. Bc2 Qc4 26. Bxb3 Qxb3 27. Qd5 Qxd5
28. exd5 Rb7 29. Re3 Kg7 30. Rae1 Kf8 31. Re4 Rc4 32. Kg2 a5 33. g4 Rc5 34. Rd1
Kg7 35. Rd3 g5 36. Kg3 Rc4 37. Rde3 Rxe4 38. Rxe4 Kf6 39. f4 e6 40. h4 gxf4+
41. Kxf4 e5+ 42. Kf3 Rc7 43. Re2 Rc5 44. Rd2 Rc4 45. Kg3 Rf4 46. b3 Rf1 47.
Rf2+ Rxf2 48. Kxf2 e4 49. Ke3 Ke5 50. c4 a4 51. bxa4 bxc4 52. g5 h5 53. a5 Kxd5
54. a6 Kc6 0-1

[Event "IV Open"]
[Site "Genova ITA"]
[Date "2000.08.10"]
[Round "5"]
[White "Dervishi, Erald"]
[Black "Bemporad, Filippo"]
[Result "1-0"]
[WhiteElo "2478"]
[BlackElo "2140"]
[PlyCount "85"]
[EventDate "2000.08.07"]

1. e4 c5 2. Nf3 d6 3. d4 cxd4 4. Nxd4 Nf6 5. Nc3 e6 6. Be2 Be7 7. O-O O-O 8.
Kh1 a6 9. a4 Qc7 10. f4 Nc6 11. Be3 Re8 12. Bf3 Na5 13. Bg1 Bf8 14. Qe1 Rb8 15.
Rd1 e5 16. Nde2 exf4 17. Nxf4 Be6 18. Bd4 Qe7 19. Nxe6 fxe6 20. e5 dxe5 21.
Bxe5 Rbd8 22. Bxf6 gxf6 23. Bh5 Rxd1 24. Nxd1 Rc8 25. Bg4 f5 26. Bxf5 exf5 27.
Qxa5 Rxc2 28. Qxf5 Rc5 29. Qf3 Rc7 30. Ne3 Qf7 31. Qd1 Qe6 32. Rxf8+ Kxf8 33.
Qd8+ Qe8 34. Qxc7 Qxe3 35. Qc8+ Kf7 36. Qxb7+ Kg8 37. Qb8+ Kf7 38. Qc7+ Kf8 39.
h3 Qe1+ 40. Kh2 Qe3 41. b4 Qe2 42. Qb8+ Ke7 43. b5 1-0

[Event "IV Open"]
[Site "Genova ITA"]
[Date "2000.08.10"]
[Round "5"]
[White "Djingarova, Emilia"]
[Black "Mollero, Michele"]
[Result "1/2-1/2"]
[WhiteElo "2263"]
[BlackElo "2101"]
[PlyCount "152"]
[EventDate "2000.08.07"]

1. e4 Nf6 2. e5 Nd5 3. g3 d6 4. d4 dxe5 5. dxe5 c6 6. Bg2 Bf5 7. Nf3 e6 8. Nh4
Bg6 9. Nxg6 hxg6 10. O-O Qc7 11. c4 Nb6 12. Qe2 N8d7 13. Re1 Rh5 14. Bf4 O-O-O
15. Nc3 Bb4 16. g4 Rhh8 17. Bg3 Nc5 18. Red1 Bxc3 19. bxc3 Rxd1+ 20. Rxd1 Nba4
21. Qf3 Rd8 22. Rd6 Qe7 23. Qe3 g5 24. Qd4 f6 25. Bf3 Rxd6 26. exd6 Qd7 27. Bd1
e5 28. Qd2 Nb6 29. Be2 Kd8 30. f3 Nc8 31. Bf2 b6 32. Qc2 Qxd6 33. Qh7 Qe7 34.
h4 gxh4 35. Bxh4 g5 36. Qh8+ Kc7 37. Bf2 Kb7 38. Bxc5 bxc5 39. Bd3 Nd6 40. Kf2
Nc8 41. Qh1 Nd6 42. Qb1+ Kc7 43. Qc2 Qd8 44. Be2 Ne8 45. Bd3 Ng7 46. Be2 Ne6
47. Qf5 Nf4 48. Qh7+ Qd7 49. Qc2 Qd8 50. Qh7+ Kb6 51. Qb1+ Ka6 52. Qe4 Kb6 53.
Qb1+ Kc7 54. Qh7+ Qd7 55. Qc2 a6 56. Ke3 Qf7 57. Bd3 Qd7 58. Be4 Kb6 59. Bf5
Qd8 60. Qb3+ Kc7 61. Qc2 Qh8 62. Bh7 Qg7 63. Be4 Qd7 64. Kf2 Qd6 65. Kg3 Qd7
66. Qa4 Kb6 67. Qc2 Kc7 68. Qf2 Kb6 69. Bc2 Qd8 70. Qh2 Qd6 71. Qf2 Qd8 72. Qh2
Qd6 73. Be4 Qd1 74. Qf2 Qh1 75. Qh2 Qe1+ 76. Qf2 Qh1 1/2-1/2

[Event "IV Open"]
[Site "Genova ITA"]
[Date "2000.08.10"]
[Round "5"]
[White "Guido, Flavio"]
[Black "Caposciutti, Maurizio"]
[Result "1-0"]
[WhiteElo "2303"]
[BlackElo "2316"]
[PlyCount "85"]
[EventDate "2000.08.07"]

1. e4 c5 2. Nf3 Nc6 3. c3 d5 4. exd5 Qxd5 5. d4 e6 6. Bd3 Nf6 7. O-O cxd4 8.
cxd4 Be7 9. Nc3 Qd6 10. Nb5 Qd8 11. Bf4 Nd5 12. Bg3 a6 13. Nc3 Nf6 14. Rc1 O-O
15. a3 b6 16. Bb1 Bb7 17. Qd3 Rc8 18. Rfe1 g6 19. Ba2 Na7 20. Ne5 b5 21. Bf4
Nc6 22. Rcd1 b4 23. Nxc6 Bxc6 24. axb4 Nd5 25. Bxd5 Bxd5 26. Qxa6 Bxb4 27. Qd3
Be7 28. Be5 Qa5 29. Qe3 Rfd8 30. h4 Qb4 31. h5 Qxb2 32. Nxd5 Rxd5 33. hxg6 fxg6
34. Bc7 e5 35. Bxe5 Qb6 36. Rb1 Qe6 37. Rb7 Bf8 38. Qf3 Rxd4 39. Bxd4 Qxe1+ 40.
Kh2 Bd6+ 41. g3 Be7 42. Qd5+ Kf8 43. Be3 1-0

[Event "IV Open"]
[Site "Genova ITA"]
[Date "2000.08.10"]
[Round "5"]
[White "Miatello, Alberto"]
[Black "Chilingirova, Pavlina"]
[Result "0-1"]
[WhiteElo "1866"]
[BlackElo "2269"]
[PlyCount "62"]
[EventDate "2000.08.07"]

1. e4 c5 2. Nf3 a6 3. c3 d6 4. d4 Qc7 5. Bd3 e5 6. Nbd2 Nf6 7. O-O Be7 8. dxe5
dxe5 9. Nc4 Nc6 10. Ne3 O-O 11. Nd5 Nxd5 12. exd5 Nd8 13. Ng5 f5 14. Qh5 Bxg5
15. Bxg5 Nf7 16. h4 g6 17. Qe2 Nxg5 18. hxg5 Bd7 19. Rad1 Qd6 20. Rfe1 Rae8 21.
b4 cxb4 22. c4 e4 23. Bc2 a5 24. Qe3 b6 25. Qd4 Rc8 26. Re3 b5 27. Bb3 a4 28.
c5 Rxc5 29. Qxb4 axb3 30. Rc3 Rfc8 31. axb3 Qf8 0-1

[Event "IV Open"]
[Site "Genova ITA"]
[Date "2000.08.10"]
[Round "5"]
[White "Nikolaidis, Ioannis"]
[Black "Di Paolo, Raffaele"]
[Result "1/2-1/2"]
[WhiteElo "2512"]
[BlackElo "2295"]
[PlyCount "33"]
[EventDate "2000.08.07"]

1. d4 Nf6 2. c4 g6 3. Nc3 Bg7 4. e4 d6 5. Bg5 O-O 6. Qd2 Na6 7. Nge2 c6 8. Ng3
Nc7 9. Be2 a6 10. a4 a5 11. O-O e5 12. d5 Qe7 13. Ra3 Na6 14. h3 Rd8 15. Bh6
Nc5 16. Bd1 Nfd7 17. Bxg7 1/2-1/2

[Event "IV Open"]
[Site "Genova ITA"]
[Date "2000.08.10"]
[Round "5"]
[White "Orsenigo, Davide"]
[Black "Turci, Alberto"]
[Result "1/2-1/2"]
[WhiteElo "1413"]
[BlackElo "1745"]
[PlyCount "38"]
[EventDate "2000.08.07"]

1. e4 Nf6 2. Nc3 d5 3. exd5 Nxd5 4. Nxd5 Qxd5 5. Nf3 Bg4 6. Be2 e6 7. d3 Be7 8.
Be3 c5 9. h3 Bh5 10. d4 c4 11. c3 Nc6 12. Qd2 b5 13. O-O a5 14. Ne1 Bxe2 15.
Qxe2 O-O 16. Nc2 b4 17. Bd2 Qf5 18. Ne3 Qd3 19. Rfe1 e5 1/2-1/2

[Event "IV Open"]
[Site "Genova ITA"]
[Date "2000.08.10"]
[Round "5"]
[White "Scharrer, Patrick"]
[Black "Collareta, Giovanni"]
[Result "1/2-1/2"]
[WhiteElo "1825"]
[BlackElo "2127"]
[PlyCount "83"]
[EventDate "2000.08.07"]

1. e4 c5 2. Nf3 d6 3. d4 cxd4 4. Nxd4 Nf6 5. Nc3 e6 6. Be3 a6 7. f3 b5 8. Qd2
Bb7 9. g4 Nfd7 10. O-O-O Nb6 11. Bd3 N8d7 12. Rhf1 Rc8 13. Qe2 Rxc3 14. bxc3
Na4 15. Bd2 Qc7 16. Qe1 d5 17. Kb1 Ba3 18. Ne2 O-O 19. Bc1 Qc5 20. Qf2 Qe7 21.
Ka1 Ndb6 22. Qe3 Rc8 23. Bxa3 Qxa3 24. Qc1 Qc5 25. Qd2 g6 26. h4 Nc4 27. Bxc4
Qxc4 28. e5 d4 29. cxd4 Bd5 30. c3 Qc6 31. Qe3 Bc4 32. Rc1 Bxe2 33. Qxe2 b4 34.
c4 Nc3 35. Rxc3 bxc3 36. c5 Rb8 37. Rb1 Rxb1+ 38. Kxb1 Qa4 39. Qd3 Qb4+ 40. Kc1
Qb2+ 41. Kd1 Qa1+ 42. Kc2 1/2-1/2

[Event "IV Open"]
[Site "Genova ITA"]
[Date "2000.08.11"]
[Round "6"]
[White "Ausmins, Elmar"]
[Black "Nikolaidis, Ioannis"]
[Result "0-1"]
[WhiteElo "2324"]
[BlackElo "2512"]
[PlyCount "78"]
[EventDate "2000.08.07"]

1. d4 g6 2. c4 Bg7 3. Nc3 c5 4. d5 Bxc3+ 5. bxc3 f5 6. h4 Nf6 7. f3 d6 8. Nh3
Qa5 9. Qb3 Nbd7 10. Nf4 Nb6 11. h5 g5 12. Ne6 Bxe6 13. dxe6 h6 14. Qb5+ Qxb5
15. cxb5 Nfd5 16. e4 fxe4 17. fxe4 Nxc3 18. a4 Nxe4 19. Bd3 Nf6 20. Bg6+ Kf8
21. O-O Nc4 22. a5 Kg7 23. Ra4 Ne5 24. Bb1 Nxh5 25. Bb2 Rhf8 26. Re1 Rf4 27.
Rxe5 dxe5 28. Bxe5+ Kg8 29. Bxf4 Nxf4 30. Kh2 Rd8 31. b6 axb6 32. axb6 Rd6 33.
Be4 Rxb6 34. Ra7 Nxe6 35. Bxb7 Kf7 36. Bd5 Rd6 37. Ba2 Kf6 38. Ra5 Nf4 39. Bc4
Rd2 0-1

[Event "IV Open"]
[Site "Genova ITA"]
[Date "2000.08.11"]
[Round "6"]
[White "Banikas, Hristos"]
[Black "Guido, Flavio"]
[Result "1-0"]
[WhiteElo "2542"]
[BlackElo "2303"]
[PlyCount "65"]
[EventDate "2000.08.07"]

1. d4 Nf6 2. c4 e6 3. Nf3 d5 4. Nc3 c5 5. cxd5 Nxd5 6. e4 Nxc3 7. bxc3 cxd4 8.
cxd4 Bb4+ 9. Bd2 Bxd2+ 10. Qxd2 O-O 11. Rc1 b6 12. Qe3 Bb7 13. Bb5 Qd6 14. O-O
Nc6 15. Rfd1 Rac8 16. d5 exd5 17. exd5 Ne7 18. Bc6 Rc7 19. a4 Rd8 20. Qe1 h6
21. h3 Qf6 22. Qe5 Qxe5 23. Nxe5 Nxd5 24. Bxb7 Rxb7 25. Rc4 b5 26. Rc5 b4 27.
Rcxd5 Rxd5 28. Rxd5 b3 29. Rd1 Rb4 30. Rb1 Rxa4 31. Rxb3 Ra1+ 32. Kh2 a5 33.
Rb8+ 1-0